| 000 | 00764cam a22002533a 4500 | ||
|---|---|---|---|
| 001 | 24696 | ||
| 003 | PGUSA | ||
| 005 | 20140828083530.0 | ||
| 008 | 080226s2008||||xxu|||||s|||||000 1 eng d | ||
| 040 |
_aPGUSA _beng |
||
| 042 | _adc | ||
| 050 | 4 | _aPS | |
| 100 | 1 |
_aSpearman, Frank H. _q(Frank Hamilton), _d1859-1937 |
|
| 245 | 1 | 4 |
_aThe Daughter of a Magnate _h[electronic resource] / _cFrank H. Spearman |
| 260 |
_bProject Gutenberg, _c2008 |
||
| 506 | _aPublic domain in the USA. | ||
| 516 | _aElectronic text | ||
| 653 | _aRailroad engineers -- Fiction | ||
| 653 | _aRailroads -- Fiction | ||
| 653 | _aRailroad travel -- Southwest, New -- Fiction | ||
| 830 | 0 |
_aProject Gutenberg _v24696 |
|
| 856 | 4 | 0 | _uhttp://www.gutenberg.org/ebooks/24696 |
| 942 | _cEB | ||
| 999 |
_c253951 _d253951 |
||